| 000 | 01428cam a2200217 4500 | ||
|---|---|---|---|
| 001 | WB3921-03 | ||
| 008 | 030603n2003 000 0 eng u | ||
| 035 | _a(Sirsi) u122505 | ||
| 245 | _aEqualisation of VAT called for by English Heritage | ||
| 260 | _c2003 | ||
| 490 |
_aEnglish Heritage News Release _v 30 May 2003 (1) |
||
| 520 | _aEnglish Heritage has published a leaflet "VAT - seize the time" calling for the equalising of VAT on all new build and repairs and maintenance. It urges the government to ask for a flat VAT amendment to the European Sixth VAT Directive, which is being reviewed later this year. The move would aid sustainability, help regeneration, cut down on red tape, help small businesses and tackle the black economy, as well as removing a perverse incentive to neglect the repair and maintenance of the historic built environment. Copies of the leaflet can be downloaded from http://www.english-heritage.org.uk/Filestore/news/pdf/vat-leaflet.pdf or t +44 (0)870 333 1181. http://www.english-heritage.org.uk/default.asp?wci=mainframe&URL1=default.asp%3FWCI%3DNode%26WCE%3D7282. | ||
| 590 | _aWB | ||
| 650 | _aVALUE ADDED TAX | ||
| 650 | _aREPAIRS | ||
| 650 | _aBUILT ENVIRONMENT-BUILDING MAINTENANCE AND REFURBISHMENT | ||
| 650 | _aBUILT ENVIRONMENT | ||
| 650 | _aDIRECTIVE 77/388/EEC | ||
| 690 | _aBUILT ENVIRONMENT-BUILDING MAINTENANCE AND REFURBISHMENT-BUILDING CONSERVATION | ||
| 942 | _n0 | ||
| 999 |
_c72808 _d72808 |
||